KOHA-Header-6

Bank Lending (The New Challenges) (Record no. 9330)

000 -LEADER
fixed length control field 00266nam a2200109Ia 4500
100 ## - MAIN ENTRY--AUTHOR NAME
Personal name IBP
245 #0 - TITLE STATEMENT
Title Bank Lending (The New Challenges)
260 ## - PUBLICATION, DISTRIBUTION, ETC. (IMPRINT)
Place of publication New Delhi
Name of publisher Addison - Wesley
Year of publication 2004
300 ## - PHYSICAL DESCRIPTION
Number of Pages 406
942 ## - ADDED ENTRY ELEMENTS (KOHA)
Koha item type Books
Holdings
Withdrawn status Lost status Collection code Permanent Location Current Location Shelving location Date acquired Full call number Accession Number Koha item type
    Banking MAJU MAJU Shelf No.A45 2019-09-14 808.744 4927 Banking

Powered by Koha